[Event "Madurai Athens of the East op-B U1600"]
[Site "Madurai"]
[Date "2023.12.28"]
[Round "6"]
[White "Dhiman, Mitra"]
[Black "Soumen, Mondal"]
[Result "1-0"]
[WhiteElo "1580"]
[BlackElo "1432"]
[PlyCount "105"]
[EventDate "2023.12.27"]
[EventType "swiss"]
[EventRounds "9"]
[EventCountry "IND"]
[SourceTitle "CB02_2024"]
[SourceDate "2024.01.10"]
[SourceVersion "1"]
[SourceVersionDate "2024.01.10"]
[SourceQuality "1"]

1. d4 d5 2. Bf4 Nf6 3. e3 c5 4. c3 Nc6 5. Nd2 e6 6. h3 Bd6 7. Bxd6 Qxd6 8. Ngf3 0-0 9. Bd3 e5 10. dxe5 Nxe5 11. Nxe5 Qxe5 12. Nf3 Qe7 13. Qc2 Re8 14. Kf1 Ne4 15. c4 dxc4 16. Qxc4 b6 17. Qxe4 Qxe4 18. Bxe4 Rxe4 19. Rd1 Ba6+ 20. Kg1 Be2 21. Rd7 Bxf3 22. gxf3 Rb4 23. b3 a5 24. Kg2 g6 25. Rhd1 c4 26. bxc4 Rxc4 27. Rb7 Rb4 28. Rdd7 Rf8 29. f4 a4 30. Rd6 Rb2 31. a3 Rb3 32. Rdxb6 Rxa3 33. Ra6 Rc8 34. Raa7 Rf8 35. Kg3 Ra2 36. e4 a3 37. e5 Rb2 38. Rd7 Rb6 39. Kg4 h6 40. f5 gxf5+ 41. Kxf5 Rb3 42. Kg4 Rb2 43. f4 Rg2+ 44. Kf3 Rh2 45. e6 Rxh3+ 46. Kg4 Re3 47. f5 a2 48. e7 Re8 49. f6 Re1 50. Rxa2 Rg1+ 51. Kh3 Kh7 52. Rd8 Rgg8 53. Raa8 1-0

[Event "Madurai Athens of the East op-B U1600"]
[Site "Madurai"]
[Date "2023.12.27"]
[Round "2"]
[White "Dhiman, Mitra"]
[Black "Sachiel, Parthiban"]
[Result "1-0"]
[WhiteElo "1580"]
[BlackElo "1246"]
[PlyCount "83"]
[EventDate "2023.12.27"]
[EventType "swiss"]
[EventRounds "9"]
[EventCountry "IND"]
[SourceTitle "CB02_2024"]
[SourceDate "2024.01.10"]
[SourceVersion "1"]
[SourceVersionDate "2024.01.10"]
[SourceQuality "1"]

1. c4 c5 2. Nc3 Nc6 3. g3 g6 4. Bg2 Bg7 5. e3 e5 6. Nge2 d6 7. 0-0 Nge7 8. d3 0-0 9. Nd5 Be6 10. a3 Qd7 11. Re1 Kh8 12. Rb1 f5 13. b4 Rac8 14. Qa4 b6 15. b5 Nd8 16. Nec3 Nf7 17. Qb3 Bxd5 18. Nxd5 Nxd5 19. Bxd5 Ng5 20. h4 Ne6 21. Qd1 h5 22. Bd2 Rc7 23. a4 Qc8 24. a5 Re7 25. axb6 axb6 26. Qa4 Nc7 27. Bc6 e4 28. Rb3 g5 29. hxg5 Ne6 30. Kg2 Nxg5 31. Rh1 Qe6 32. Rxh5+ Nh7 33. Rb1 Qg6 34. Rbh1 Be5 35. Qd1 Rg7 36. Rh6 Qf7 37. Bd5 Qe7 38. dxe4 Rf6 39. exf5 Rxh6 40. Rxh6 Bf6 41. Qh5 Qe5 42. Bc3 1-0